BUBT Library Online Catalog

বঙ্গবন্ধু শেখ মুজিবুর রহমান : জীবন ও রাজনীতি (দ্বিতীয় খণ্ড) / (Record no. 5995)

000 -LEADER
fixed length control field 00752nam a22001817a 4500
003 - CONTROL NUMBER IDENTIFIER
control field BUBTL
008 - FIXED-LENGTH DATA ELEMENTS--GENERAL INFORMATION
fixed length control field 190428b xxu||||| |||| 00| 0 eng d
020 ## - INTERNATIONAL STANDARD BOOK NUMBER
International Standard Book Number 984-07-5197-2
082 ## - DEWEY DECIMAL CLASSIFICATION NUMBER
Classification number 954.92 / SAB
100 ## - MAIN ENTRY--PERSONAL NAME
9 (RLIN) 2297
Personal name সরকার, মোনায়েম
245 ## - TITLE STATEMENT
Title বঙ্গবন্ধু শেখ মুজিবুর রহমান : জীবন ও রাজনীতি (দ্বিতীয় খণ্ড) /
Statement of responsibility, etc. মোনায়েম সরকার
260 ## - PUBLICATION, DISTRIBUTION, ETC. (IMPRINT)
Place of publication, distribution, etc. ঢাকা :
Name of publisher, distributor, etc. বাংলা একাডেমি,
Date of publication, distribution, etc. c2008
300 ## - PHYSICAL DESCRIPTION
Extent 1051 p. :
Other physical details ill. ;
Dimensions 22 cm.
650 #0 - SUBJECT ADDED ENTRY--TOPICAL TERM
9 (RLIN) 1755
Topical term or geographic name as entry element মুক্তিযুদ্ধ
856 ## - ELECTRONIC LOCATION AND ACCESS
Password 0
Logon 0
Link text Download
942 ## - ADDED ENTRY ELEMENTS (KOHA)
Source of classification or shelving scheme
Koha item type Books
Holdings
Withdrawn status Lost status Source of classification or shelving scheme Damaged status Not for loan Collection code Permanent location Current location Shelving location Date acquired Inventory number Total Checkouts Full call number Barcode Date last seen Copy number Price effective from Koha item type
          Fiction Bangladesh University of Business and Technology Library Bangladesh University of Business and Technology Library Fiction 02/12/2015 20182   954.92 / SAB BUBTL-200320182 04/28/2019 C-1 04/28/2019 Books

More Information About Library

Library Hours

  • Open: 9.00 am. to 9.00 pm.
  • Only Sunday: 9.00 am. to 6.00 pm.
  • Closed: Holiday

Contact to the University

Bangladesh University of Business and Technology Library

  • Mirpurl-2, 1216.
  • Phone:
  • Fax:
  • E-Mail: admin.library@bubt.edu.bd

Contact to the Library

Contact Person:

Md. Abdul Hakim Shah
Joint Librarian
PABX No:  113
Cell No: 01816332931
E-mail: official: admin.library@bubt.edu.bd
Personal: hakim.shah@bubt.edu.bd


BUBT Library

Copyright © 2021